书目信息 |
| 书名: | The Elusive Presence | |
| 作者: | Samuel Terrien : | |
| 分册号: | ||
| 分册名: | 出版地: | San Francisco : |
|
| 出版社: | Harper&Row,Publishers | |
| 出版时间: | 1978. | |
| 页数: | 507 p. ; | |
| 开本: | 20cm. | |
| 丛书名: | ||
| 中图分类号: | ||
| 科图分类号: | ||
| 其他分类号: | B971 | |
| 主题词: | ||
| 电子资源: | ||
| 000 | 00434nam 2200145 a 4500 | |
| 001 | E0756765980 | |
| 005 | 20070709154834.00 | |
| 008 | 070709s1978 00010 eng | |
| 020 | @a0-06-068234-5 :@cCNY12.95. | |
| 040 | @aPFT@beng | |
| 090 | @aB971 | |
| 099 | @dB971@ex44 | |
| 245 | @aThe Elusive Presence / @cSamuel Terrien :@bThe Heart of Biblical Theology. | |
| 260 | @aSan Francisco :@bHarper&Row,Publishers,@c1978. | |
| 300 | @a507 p. ;@c20cm. | |
| The Elusive Presence / / Samuel Terrien : : The Heart of Biblical Theology.-San Francisco : : Harper&Row,Publishers, , 1978. |
| 507 p. ; ; 20cm. |
| ISBN 0-06-068234-5 :CNY12.95. |
| ● |
| 相关链接 |
|
|
|
|
正题名:The Elusive Presence
索取号:B971/x44
 
预约/预借
| 序号 | 登录号 | 条形码 | 馆藏地/架位号 | 状态 | 备注 |
| 1 | 0011723 | 300117237 | 第二样本阅览室/ [索取号:B971/x44] | 在馆 |